The Mysore village panchayets and district boards act, 1952 (Mysore act no. IV of 1952) (Record no. 488547)

000 -LEADER
fixed length control field 00363cam a22001097a 4500
008 - FIXED-LENGTH DATA ELEMENTS--GENERAL INFORMATION
fixed length control field 180718b1952 xxu||||| |||| 00| 0 eng d
082 ## - DEWEY DECIMAL CLASSIFICATION NUMBER
Classification number B71103x5444 A/M/1952
100 ## - MAIN ENTRY--PERSONAL NAME
Personal name Mysore. Legislative Department
245 ## - TITLE STATEMENT
Title The Mysore village panchayets and district boards act, 1952 (Mysore act no. IV of 1952)
260 ## - PUBLICATION, DISTRIBUTION, ETC.
Place of publication, distribution, etc. Bangalore
Name of publisher, distributor, etc. The author
Date of publication, distribution, etc. 1952
300 ## - PHYSICAL DESCRIPTION
Extent 97+p.
Holdings
Withdrawn status Lost status Damaged status Not for loan Permanent Location Current Location Date acquired Full call number Barcode Date last seen Price effective from Koha item type
        Indian Institute of Public Administration Indian Institute of Public Administration 2018-08-04 B71103x5444 A/M/1952 GR258 2018-08-04 2018-08-04 GR
        Indian Institute of Public Administration Indian Institute of Public Administration 2018-08-04 B71103x5444 A/M/1952 GG33609 2018-08-04 2018-08-04 GG

Powered by Koha